Culture Générale - Série 2530 - Statistiques

Statistiques générales
  • Ce quiz a été pris 113 fois
  • Le résultat moyen est 4 sur 10
Statistiques - réponses
Question Réponse % Correct
Quel mot anglais signifie "propre" ? clean
92%
Quelle est la ville natale de Georges Brassens ? Sète
71%
Qui était surnommé "Le fou chantant" ? prénom et nom Charles Trenet
64%
Décoration exécutée à la main qui orne un manuscrit - voir photo enluminure
53%
Bâtiment regroupant les différents services pour la gestion d'un port maritime, ou fluvial capitainerie
41%
Prénom féminin - ancienne coiffure de femme - gâteau Charlotte
38%
Chanteur belge - fleuve de Pise Arno
37%
Ville portuaire située sur la Costa del Sol, au sud de l'Espagne - vin doux Malaga
27%
Porcelet - 8 lettres commençant par " n " nourrain
13%
Papillon de grande taille aux vives couleurs. - 6 lettres commençant par " u " uranie
6%
Aucun quiz correspondant
Distribution des résultats
% des personnes avec chaque résultat
Percentile par nombre de réponses
Votre historique - résultats
Vous n’avez pas pris ce quiz